00494 2200193 4500001002100000005001500021035002000036007000300056008004100059020002200100082001000122084001600132100002100148245005200169250001100221260003300232300002500265990001000290INLIS00000000001129720220510094452 a0010-0522000013ta220510 a 0 ind  a978-979-3806-13-6 a372.6 a372.6 SOE p0 aSOEDJONO, Wahyoe1 aPermulaan Menulis Huruf TK A /cWahyoe Soedjono aCet. 6 aJakarta :bWahyumedia,c2004 a28 hlm ;c16 x 21 cm a385 a